000
00314nam a2200133Ia 4500
999
_c
7884
_d
7884
008
191201s2012 xx 000 0 und d
020
_a
9789332518858
100
_a
SOMMERVILLE, Ian
245
0
_a
Software Engineering
250
_a
IMP
260
_c
2012
_b
Pearson
_a
NEW DELHI
300
_a
773
942
_2
ddc
_c
BK
_0
4